000 00493nam a22001697a 4500
005 20230603124708.0
008 230329b |||||||| |||| 00| 0 eng d
020 _a9788190938525
041 _aeng
082 _a616.07/GUP
100 _aGupta, Preeti
245 _aA Text Book of Pathology
_b(Exclusively Designed for B.Sc. Nursing Semester -III Students)
260 _aJalandhar
_bS.Vikas and Company(Medical Publisher)
300 _a255P.
942 _cCB
999 _c144280
_d144280
650 _aPATHOLOGY
_9181744